مكتبة جامعة عجلون الوطنية

فهرس بحث المكتبة

Artificial intelligence in finance : (Record no. 33159)

MARC details
000 -LEADER
fixed length control field 02439cam a2200481 i 4500
001 - CONTROL NUMBER
control field 22531463
003 - CONTROL NUMBER IDENTIFIER
control field JO-AjAnu
005 - DATE AND TIME OF LATEST TRANSACTION
control field 20231127110733.0
008 - FIXED-LENGTH DATA ELEMENTS--GENERAL INFORMATION
fixed length control field 220502t20202021cc a b 001 0 eng d
010 ## - LIBRARY OF CONGRESS CONTROL NUMBER
LC control number 2021279237
015 ## - NATIONAL BIBLIOGRAPHY NUMBER
National bibliography number GBC0F3772
Source bnb
016 7# - NATIONAL BIBLIOGRAPHIC AGENCY CONTROL NUMBER
Record control number 019970548
Source Uk
020 ## - INTERNATIONAL STANDARD BOOK NUMBER
International Standard Book Number 9781492055433
Qualifying information (pbk.)
020 ## - INTERNATIONAL STANDARD BOOK NUMBER
International Standard Book Number 1492055433
Qualifying information (pbk.)
035 ## - SYSTEM CONTROL NUMBER
System control number (OCoLC)on1148608450
040 ## - CATALOGING SOURCE
Original cataloging agency YDX
Language of cataloging eng
Transcribing agency YDX
Description conventions rda
Modifying agency BDX
-- OCLCQ
-- UKMGB
-- CDX
-- OCLCF
-- OCLCO
-- CLE
-- OCLCO
-- JRZ
-- OCL
-- OCLCO
-- anu
042 ## - AUTHENTICATION CODE
Authentication code lccopycat
050 00 - LIBRARY OF CONGRESS CALL NUMBER
Classification number HG173
Item number .H537 2020
082 04 - DEWEY DECIMAL CLASSIFICATION NUMBER
Classification number 332.028563
-- 006.3
Edition number 23
100 1# - MAIN ENTRY--PERSONAL NAME
Personal name Hilpisch, Yves J.,
Relator term author.
245 10 - TITLE STATEMENT
Title Artificial intelligence in finance :
Remainder of title a Python-based guide /
Statement of responsibility, etc. Yves Hilpisch.
250 ## - EDITION STATEMENT
Edition statement First edition.
264 #1 - PRODUCTION, PUBLICATION, DISTRIBUTION, MANUFACTURE, AND COPYRIGHT NOTICE
Place of production, publication, distribution, manufacture Beijing :
Name of producer, publisher, distributor, manufacturer O'Reilly Media,
Date of production, publication, distribution, manufacture, or copyright notice 2020.
264 #4 - PRODUCTION, PUBLICATION, DISTRIBUTION, MANUFACTURE, AND COPYRIGHT NOTICE
Date of production, publication, distribution, manufacture, or copyright notice ©2021
300 ## - PHYSICAL DESCRIPTION
Extent xvii, 455 pages :
Other physical details illustrations ;
Dimensions 24 cm
336 ## - CONTENT TYPE
Content type term text
Content type code txt
Source rdacontent
337 ## - MEDIA TYPE
Media type term unmediated
Media type code n
Source rdamedia
338 ## - CARRIER TYPE
Carrier type term volume
Carrier type code nc
Source rdacarrier
504 ## - BIBLIOGRAPHY, ETC. NOTE
Bibliography, etc. note Includes bibliographical references and index.
505 0# - FORMATTED CONTENTS NOTE
Formatted contents note Part 1. Machine intelligence. 1. Artificial intelligence -- 2. Superintelligence -- Part 2. Finance and machine learning. 3. Normative finance -- 4. Data-driven finance -- 5. Machine learning -- 6. AI-first finance -- Part 3. Statistical inefficiencies. 7. Dense neural networks -- 8. Recurrent neural networks -- 9. Reinforcement learning -- Part 4. Algorithmic trading. 10. Vectorized backtesting -- 11. Risk management -- 12. Execution and deployment -- Part 5. Outlook. 13. AI-based competition -- 14. Financial singularity -- Part 6. Appendixes.
650 #0 - SUBJECT ADDED ENTRY--TOPICAL TERM
Topical term or geographic name entry element Financial services industry
General subdivision Technological innovations.
650 #0 - SUBJECT ADDED ENTRY--TOPICAL TERM
Topical term or geographic name entry element Financial services industry
General subdivision Information technology.
650 #0 - SUBJECT ADDED ENTRY--TOPICAL TERM
Topical term or geographic name entry element Artificial intelligence.
650 #0 - SUBJECT ADDED ENTRY--TOPICAL TERM
Topical term or geographic name entry element Finance
General subdivision Data processing.
650 #0 - SUBJECT ADDED ENTRY--TOPICAL TERM
Topical term or geographic name entry element Python (Computer program language)
650 #7 - SUBJECT ADDED ENTRY--TOPICAL TERM
Topical term or geographic name entry element Financial services industry
General subdivision Technological innovations.
Source of heading or term fast
Authority record control number or standard number (OCoLC)fst00924777
650 #7 - SUBJECT ADDED ENTRY--TOPICAL TERM
Topical term or geographic name entry element Artificial intelligence.
Source of heading or term fast
Authority record control number or standard number (OCoLC)fst00817247
650 #7 - SUBJECT ADDED ENTRY--TOPICAL TERM
Topical term or geographic name entry element Finance
General subdivision Data processing.
Source of heading or term fast
Authority record control number or standard number (OCoLC)fst00924370
650 #7 - SUBJECT ADDED ENTRY--TOPICAL TERM
Topical term or geographic name entry element Python (Computer program language)
Source of heading or term fast
Authority record control number or standard number (OCoLC)fst01084736
906 ## - LOCAL DATA ELEMENT F, LDF (RLIN)
a 7
b cbc
c copycat
d 2
e ncip
f 20
g y-gencatlg
942 ## - ADDED ENTRY ELEMENTS (KOHA)
Source of classification or shelving scheme Library of Congress Classification
Koha item type Books
Suppress in OPAC No
Holdings
Withdrawn status Lost status Source of classification or shelving scheme Damaged status Not for loan Home library Current library Date acquired Total Checkouts Full call number Barcode Date last seen Price effective from Koha item type
    Library of Congress Classification     مكتبة جامعة عجلون الوطنية مكتبة جامعة عجلون الوطنية 27/11/2023   HG173.H537.2020 e3631 27/11/2023 27/11/2023 Books
    Library of Congress Classification     مكتبة جامعة عجلون الوطنية مكتبة جامعة عجلون الوطنية 27/11/2023   HG173.H537.2020 e3632 27/11/2023 27/11/2023 Books